000 00725nam a2200217Ia 4500
001 15117
003 GE_BSU
008 181216s||||||||xx |||||||||||||| ||und||
040 _cGE_BSU
080 _a519.6(075.8)+512.64(075.8)
100 _aВоеводин,В,В,
245 _aВычислительные основы линейной алгебры
245 _bУчеб.пособ. для студ.вузов по специаль,прикладная математика
245 _cРед:Г.Д. Ким
260 _aМосква
260 _bНаука
260 _c1977
300 _b303стр,20см
653 _aВычислительные основы линейной алгебры
942 _cBK
999 _c48233
_d48233